000
00182nmm a2200085Ia 4500
008
220120s9999||||xx |||||||||||||||||und||
100
_a
Chip
245
0
_a
Power tools
260
_a
Others
999
_c
139918
_d
139918